00954nab a2200253 uc450000100070000000500170000700800410002403500110006503500210007604000130009704100080011010000520011824501200017065000300029065000290032065000210034965000160037065000410038665100280042770000480045577301680050394200100067199900190068154447520250312091405.0990906e19980601 spa  a544475 a(OCoLC)819808504 ccomduadb aspa10aArdila Robayo, Maria Cristina4auteaut930001014aUna nueva especie de Atelopus A.M.C Dumeril & Bibron 1841 (Amphibia: Bufonidae) de la cordillera central Colombiana aTaxonomía animal963559 aAtelopus angelito928512 aBufonidos959398 aSapos97984 aCordillera Central (Colombia)928513 7aColombia2embne987054710aRuíz Carranza, Pedro M.4auteaut94900420 tRevista de la Academia Colombiana de Ciencias Exactas, Físicas y Naturales (Bogotá)gVolumen 22, Número 083, Junio 1998, p. 281-285w100681x0370-3908093888 cARIMP c133779d133779